Diccionario de la mitología universal y de los cultos primitivos

Guardado en:
Formato: Libro
Publicado: Buenos Aires : Mundi, 1963
Materias:
Etiquetas: Agregar Etiqueta
Sin Etiquetas, Sea el primero en etiquetar este registro!
LEADER 00670nam a22001935a 4500
001 CEM.cems012154
005 20060628000000.0
008 130507s1963##################000#0#####d
003 CEMS
082 0 4 |a C290.3 
245 0 0 |a Diccionario de la mitología universal y de los cultos primitivos 
260 |a Buenos Aires :  |b Mundi,  |c 1963 
300 |a 690 p. 
500 |a Tomo 1 A-h 
505 0 |a Referencias prehistóricas, paleográficas, antropológicas, folklóricas, linguísticas y con un atlas mitológico 
653 |a Diccionarios 
653 |a Diccionarios mitológicos 
653 |a Atlas mitológico 
859 |a CEMS  |b BIB. CEMS - 11 de abril  |h C290.3  |i D547  |p 8189.80  |t Ej.1  |v I  |3 I